000
00343nam a22001577a 4500
003
SGT
020
_a
9789332550131
082
_a
621.3851,VAL
100
_a
VALKENBURY,M.E.VAN
245
_a
NETWORK ANALYSIS
250
_a
3RD
260
_a
CHENNAI
_b
PEARSON
_c
2016
300
_a
571
650
_a
ELECTRICAL ENGINEERING
942
_2
ddc
_c
BK
999
_c
18323
_d
18323